Auditing Cases: An Interactive Learning Approach. (Record no. 2919)

MARC details
005 - DATE AND TIME OF LATEST TRANSACTION
control field 20250531125412.0
020 ## - INTERNATIONAL STANDARD BOOK NUMBER
International Standard Book Number 0-13-067484-2
082 ## - DEWEY DECIMAL CLASSIFICATION NUMBER
Classification number 657.45 BEA
100 ## - MAIN ENTRY--PERSONAL NAME
Author name BEASLEY, M. S.
245 ## - TITLE STATEMENT
Title Auditing Cases: An Interactive Learning Approach.
250 ## - EDITION STATEMENT
Edition statement 2nd Ed.
260 ## - PUBLICATION, DISTRIBUTION, ETC.
Place of publication, distribution, etc. New Jersey,
Name of publisher, distributor, etc. Prentice Hall,
Date of publication, distribution, etc. 2003.
300 ## - PHYSICAL DESCRIPTION
Extent 328p.: ill.;
Dimensions 28cm
700 ## - ADDED ENTRY--PERSONAL NAME
Other authors/Editors BUCKLESS, F. A. [...et al...]
942 ## - ADDED ENTRY ELEMENTS (KOHA)
Source of classification or shelving scheme Dewey Decimal Classification
Koha item type Books
Holdings
Date last seen Total checkouts Full call number Barcode Cost, replacement price Price effective from Koha item type Lost status Source of classification or shelving scheme Damaged status Not for loan Withdrawn status Home library Current library Shelving location Date acquired Cost, normal purchase price Source of acquisition
06/29/2025   TEA LECT 657.45 BEA DOM0003306 427680.00 06/04/2025 Books   Dewey Decimal Classification       CBE Dodoma CBE Dodoma General Collection 01/07/2005 142560.00 Library budget
05/31/2025   657.45 BEA 00000010533 427680.00 05/31/2025 Books   Dewey Decimal Classification       College of Business Education Main Library College of Business Education Main Library Special Reserve Collection 04/22/2005 142560.00  
06/04/2025   TEA LECT 657.45 BEA 00000011084 427680.00 06/04/2025 Books   Dewey Decimal Classification       College of Business Education Main Library College of Business Education Main Library General Collection 04/22/2005 142560.00  
06/04/2025   TEA LECT 657.45 BEA 00000011085 427680.00 06/04/2025 Books   Dewey Decimal Classification       College of Business Education Main Library College of Business Education Main Library General Collection 04/22/2005 142560.00